02781nam a2200181 i 4500001000700000003000900007005001700016008004100033110003800074245006600112260007600178300002600254505216500280700002902445710002702474710005002501852004802551163061ES-MaACL20250731050202.0931025s1797 sp |||| | spa d2 aReal Academia Médica de Madrid.10aMemorias de la Real Academia Médica de Madrid. nI, p1797. aMadrid : ben la Imprenta Real : bpor Don Pedro Julian Pereyra,c1797. aLII, 497 p. ; c26cm.80aContiene: Noticia histórica del origen, progresos y estado actual de la Real Academia Médica de Madrid (p. I-LII) . Disertación química fisiológica sobre la respiración y la sangre consideradas como origen y primer principio de la vitalidad de los animales / Ignacio María Ruiz de Luzuriaga (p. 1-98) . Observaciones sobre el cultivo del arroz en el Reino de Valencia y su influencia en la salud pública / Antonio Joseph Antilles (p. 99-128) . Memoria sobre el azul de Prusia / Luis Proust (p. 129-138) . Memoria sobre la mina de hierro llamada vulgarmente pyrita / Luis Proust (p. 139-144) . Observaciones sobre el influjo de la luz solar, especialmente en la purificación del ácido nítrico / Domingo García Fernández (p. 145-158) . Discurso sobre un punto de medicina forensa / J. S.(p. 159-168) . Memoria sobre un medio de formar artificialmente las aguas marciales sin que el hierro se oxigene ni se separe de ellas / Gregorio Bañares (p. 169-174) . Observaciones sobre la quina / Gregorio Bañares (p. 175-182) . Resumen de las propiedades principales del platino / Francisco Chabaneau (p. 183-188) . Memoria sobre los efectos que produce el alkali volatil en las substancias naturales / Joseph Iberti (p. 189-190) . Disertación botánica sobre los géneros tovaria, actinophyllum, araucaria y salmia / Joseph Pavón (p. 191-204) . Disertación médica sobre el cólico de Madrid / Ignacio María Ruiz de Luzuriaga (p. 205-348) . Memoria sobre la ratanhia / Hipólito Ruiz (p. 349-366) . Memoria sobre la legitima calaguala / Hipólito Ruiz (p. 367-392) . Memoria sobre la canchalagua / Hipólito Ruiz (p. 393-404) . Memoria sobre la raíz de China descubierta en el Perú / Hipólito Ruiz (p. 405-420) . Disertación sobre las funestas consecuencias del estado de inercia del útero / Juan Hirigoiti (p. 421-430) . Ensayo apologético en que se prueba que el descubrimiento de hacer agua potable el agua del mar... / Ignacio María Ruiz de Luzuriaga (p. 431-454) . Memoria sobre la dificultad de respirar periódica que manifiesta el influjo de la luna en el cuerpo humano / Antonio Franseri (p. 455-497).1 aPereyra, Pedro Julián.2 aImprenta Real (Madrid)2 aReal Academia Nacional de Medicina (España) aES-MaACLjK-96 z- Enc. pasta española